The state of the Estate in 2014-15 (Record no. 115758)
[ view plain ]
| 000 -LEADER | |
|---|---|
| fixed length control field | 01953cam a22002415a 4500 |
| 001 - CONTROL NUMBER | |
| control field | L158115 |
| 008 - FIXED-LENGTH DATA ELEMENTS--GENERAL INFORMATION | |
| fixed length control field | 160322s2016 xxk f 000 0 eng d |
| 035 ## - SYSTEM CONTROL NUMBER | |
| System control number | (Sirsi) u159241 |
| 041 0# - LANGUAGE CODE | |
| Language code of text/sound track or separate title | eng |
| 110 2# - MAIN ENTRY--CORPORATE NAME | |
| Corporate name or jurisdiction name as entry element | United Kingdom |
| Subordinate unit | Cabinet Office |
| 9 (RLIN) | 5270 |
| 245 04 - TITLE STATEMENT | |
| Title | The state of the Estate in 2014-15 |
| Medium | [electronic resource] |
| 260 ## - PUBLICATION, DISTRIBUTION, ETC. | |
| Place of publication, distribution, etc. | London |
| Date of publication, distribution, etc. | Cabinet Office |
| Name of publisher, distributor, etc. | 2016 |
| 520 ## - SUMMARY, ETC. | |
| Summary, etc. | Provides an annual overview and statistical data on the size, ownership, geographical distribution and use of central government buildings. Excludes defence military estate, prisons, NHS estate, DEFRA rural estate, Foreign and Commonwealth Office, Home Office and overseas property. Shows how the UK Government has reduced the size of its estate by 2.4 million sq metres and running costs by £842 million and is introducing a number of sustainable measures to reduce its greenhouse gas emissions and has cut its carbon emissions by 22%. The amount of space used by an average staff members fell to 10.4 sq m in 2014?15, from 11.3 sq m in 2013?14, a reduction of 8% in one year. A new space target of 8 sq m per person was set on 1 January 2016. The Government has adopted the new International Property Measurement Standard introduced in January 2016 by the Royal Institution of Chartered Surveyors. There are plans to reduce the estate from 800 buildings to less than 200 by 2023 under its Hubs programme by accommodating government departments in 18-22 multi-departmental hubs across the UK. |
| 590 ## - LOCAL NOTE (RLIN) | |
| Local note | KA |
| 650 24 - SUBJECT ADDED ENTRY--TOPICAL TERM | |
| Topical term or geographic name entry element | INTERNATIONAL PROPERTY MEASUREMENT STANDARDS |
| 651 #4 - SUBJECT ADDED ENTRY--GEOGRAPHIC NAME | |
| Geographic name | United Kingdom |
| Chronological subdivision | |
| 690 ## - LOCAL SUBJECT ADDED ENTRY--TOPICAL TERM (OCLC, RLIN) | |
| Topical term or geographic name as entry element | Commercial property |
| 9 (RLIN) | 6227 |
| 690 ## - LOCAL SUBJECT ADDED ENTRY--TOPICAL TERM (OCLC, RLIN) | |
| Topical term or geographic name as entry element | Facilities management |
| 9 (RLIN) | 6240 |
| 690 ## - LOCAL SUBJECT ADDED ENTRY--TOPICAL TERM (OCLC, RLIN) | |
| Topical term or geographic name as entry element | Sustainability |
| 9 (RLIN) | 6271 |
| 690 ## - LOCAL SUBJECT ADDED ENTRY--TOPICAL TERM (OCLC, RLIN) | |
| Topical term or geographic name as entry element | Measurement |
| 9 (RLIN) | 6256 |
| 856 40 - ELECTRONIC LOCATION AND ACCESS | |
| Uniform Resource Identifier | <a href="https://www.gov.uk/government/uploads/system/uploads/attachment_data/file/497449/2014-15_State_of_the_Estate_accessible.pdf">https://www.gov.uk/government/uploads/system/uploads/attachment_data/file/497449/2014-15_State_of_the_Estate_accessible.pdf</a> |
| Public note | View the item free of charge from the www.gov.uk website. |
| 942 ## - ADDED ENTRY ELEMENTS (KOHA) | |
| Suppress in OPAC | 0 |
| Withdrawn status | Lost status | Source of classification or shelving scheme | Damaged status | Not for loan | Home library | Current library | Shelving location | Date acquired | Total Checkouts | Full call number | Barcode | Date last seen | Copy number | Price effective from | Koha item type |
|---|---|---|---|---|---|---|---|---|---|---|---|---|---|---|---|
| Dewey Decimal Classification | Virtual | Virtual | Online | 22/03/2016 | ONLINE PUBLICATION | 159241-2001 | 06/08/2019 | 1 | 06/08/2019 | Book |